Электрические машины, электропривод и системы интеллектуального управления электротехническими комплексами (Запись № 10039881)
[ простой вид ]
| 000 -МАРКЕР | |
|---|---|
| контрольное поле | 03206nam0a2200421 i 4500 |
| 001 - ИДЕНТИФИКАТОР ЗАПИСИ | |
| контрольное поле | RU\NLR\BIBL_A\010775213 |
| 005 - ИДЕНТИФИКАТОР ВЕРСИИ | |
| контрольное поле | 20260406003418.0 |
| 010 ## - МЕЖДУНАРОДНЫЙ СТАНДАРТНЫЙ НОМЕР КНИГИ (ISBN) | |
| Номер (ISBN) | 9785000910719 |
| Уточнения | ФОРУМ |
| 010 ## - МЕЖДУНАРОДНЫЙ СТАНДАРТНЫЙ НОМЕР КНИГИ (ISBN) | |
| Номер (ISBN) | 978-5-16-010953-4 |
| Уточнения | ИНФРА-М, print |
| 010 ## - МЕЖДУНАРОДНЫЙ СТАНДАРТНЫЙ НОМЕР КНИГИ (ISBN) | |
| Номер (ISBN) | 978-5-16-102979-4 |
| Уточнения | ИНФРА-М, online |
| 021 ## - НОМЕР ГОСУДАРСТВЕННОЙ РЕГИСТРАЦИИ | |
| Код страны | Российская Федерация |
| Номер | 2015-31717 |
| Номер Листа государственной регистраци | 1884 |
| 035 ## - ДРУГИЕ СИСТЕМНЫЕ НОМЕРА | |
| Идентификатор записи | (NILC)RuMoRGB-007919520 |
| 035 ## - ДРУГИЕ СИСТЕМНЫЕ НОМЕРА | |
| Идентификатор записи | (NLR Aleph) 010775213 |
| 100 ## - ДАННЫЕ ОБЩЕЙ ОБРАБОТКИ | |
| Данные общей обработки | 20150603d2015 u y0rusy50 ca |
| 101 0# - ЯЗЫК РЕСУРСА | |
| Язык текста, звукозаписи и т.д. | русский |
| 102 ## - СТРАНА ПУБЛИКАЦИИ ИЛИ ПРОИЗВОДСТВА | |
| Страна публикации | Российская Федерация |
| 105 ## - ПОЛЕ КОДИРОВАННЫХ ДАННЫХ: ТЕКСТОВЫЕ МАТЕРИАЛЫ, МОНОГРАФИЧЕСКИЕ | |
| Кодированные данные о монографическом текстовом документе | a|||j||||00yy |
| 200 1# - ЗАГЛАВИЕ И СВЕДЕНИЯ ОБ ОТВЕТСТВЕННОСТИ | |
| Основное заглавие | Электрические машины, электропривод и системы интеллектуального управления электротехническими комплексами |
| Сведения, относящиеся к заглавию | учебное пособие для студентов высших учебных заведений, обучающихся по направления подготовки 29.03.02 "Технология и проектирование текстильных изделий", 15.03.04 "Автоматизация технологических процессов и производств", 13.03.01 "Теплоэнергетика и теплотехника", 15.03.02 "Технологические машины и оборудование", 09.03.01 "Информатика и вычислительная техника", 09.03.02 "Информационные системы и технологии" |
| Первые сведения об ответственности | А. Е. Поляков, А. В. Чесноков, Е. М. Филимонова |
| 210 ## - ПУБЛИКАЦИЯ, РАСПРОСТРАНЕНИЕ И ДР. | |
| Место издания, распространения и т.д. | Москва |
| Имя издателя, распространителя и т. д. | ФОРУМ |
| -- | ИНФРА-М |
| Дата издания, распространения и т.д. | 2015 |
| 215 ## - ФИЗИЧЕСКАЯ ХАРАКТЕРИСТИКА | |
| Специфическое обозначение материала и объем | 223 с. |
| Другие сведения о физической характеристике | ил. |
| Размеры | 21 |
| 320 ## - ПРИМЕЧАНИЯ О НАЛИЧИИ В ДОКУМЕНТЕ БИБЛИОГРАФИИ / УКАЗАТЕЛЯ | |
| Текст примечания | Библиогр.: с. 220-221 (18 назв.) |
| 606 ## - НАИМЕНОВАНИЕ ТЕМЫ КАК ПРЕДМЕТ | |
| Наименование темы | Химические волокна |
| Формальный подзаголовок | Учебные издания для высших учебных заведений |
| Тематический подзаголовок | Производство |
| -- | САУ |
| Системный номер авторитетной/нормативной записи | 1715046 |
| Идентификатор авторитетной/нормативной записи | RU\NLR\AUTH\661062194 |
| 606 ## - НАИМЕНОВАНИЕ ТЕМЫ КАК ПРЕДМЕТ | |
| Наименование темы | Текстильное производство |
| Формальный подзаголовок | Учебные издания для высших учебных заведений |
| Тематический подзаголовок | САУ |
| Системный номер авторитетной/нормативной записи | 2573455 |
| Идентификатор авторитетной/нормативной записи | RU\NLR\AUTH\661521703 |
| 606 ## - НАИМЕНОВАНИЕ ТЕМЫ КАК ПРЕДМЕТ | |
| Наименование темы | Текстильные машины |
| Формальный подзаголовок | Учебные издания для высших учебных заведений |
| Тематический подзаголовок | Электрические приводы |
| Системный номер авторитетной/нормативной записи | 1021431 |
| Идентификатор авторитетной/нормативной записи | RU\NLR\AUTH\6672684 |
| 606 1# - НАИМЕНОВАНИЕ ТЕМЫ КАК ПРЕДМЕТ | |
| Наименование темы | Заводы химического волокна |
| Формальный подзаголовок | Учебные издания для высших учебных заведений |
| Тематический подзаголовок | Оборудование |
| -- | Электрические приводы |
| Системный номер авторитетной/нормативной записи | 2269805 |
| Идентификатор авторитетной/нормативной записи | RU\NLR\AUTH\6601589617 |
| 610 0# - НЕКОНТРОЛИРУЕМЫЕ ПРЕДМЕТНЫЕ ТЕРМИНЫ | |
| Предметный термин | управляемые электромеханические системы |
| 686 ## - ИНДЕКСЫ ДРУГИХ КЛАССИФИКАЦИЙ | |
| Индекс | М3-5 я73-1 |
| 686 ## - ИНДЕКСЫ ДРУГИХ КЛАССИФИКАЦИЙ | |
| Индекс | Л73-5я73-1 |
| 700 #1 - ИМЯ ЛИЦА - ПЕРВИЧНАЯ ОТВЕТСТВЕННОСТЬ | |
| Материалы, к которым относится поле | rus |
| Графика поля | Кириллица |
| Начальный элемент ввода | Поляков |
| Часть имени, кроме начального элемента ввода | А. Е. |
| Дополнения к именам, кроме дат | д-р техн. наук |
| Расширение инициалов личного имени | Анатолий Евгеньевич |
| Идентификатор авторитетной/нормативной записи | RU\NLR\AUTH\77112937 |
| Системный номер авторитетной/нормативной записи | 95862 |
| 701 #1 - ИМЯ ЛИЦА - АЛЬТЕРНАТИВНАЯ ОТВЕТСТВЕННОСТЬ | |
| Начальный элемент ввода | Чесноков |
| Часть имени, кроме начального элемента ввода | А. В. |
| Расширение инициалов личного имени | Александр Владимирович |
| 701 #1 - ИМЯ ЛИЦА - АЛЬТЕРНАТИВНАЯ ОТВЕТСТВЕННОСТЬ | |
| Начальный элемент ввода | Филимонова |
| Часть имени, кроме начального элемента ввода | Е. М. |
| Расширение инициалов личного имени | Екатерина Михайловна |
| 801 #0 - ИСТОЧНИК ЗАПИСИ | |
| Страна | Российская Федерация |
| Организация | РГБ |
| Дата составления | 20150424 |
| Правила каталогизации | RCR |
| 801 #1 - ИСТОЧНИК ЗАПИСИ | |
| Страна | Российская Федерация |
| Организация | РГБ |
| Дата составления | 20150424 |
| Источник данных | rusmarc |
| 942 ## - ДОПОЛНИТЕЛЬНЫЕ ЭЛЕМЕНТЫ ЗАПИСИ (АБИС) | |
| Тип экземпляра АБИС | Книга |
| 980 ## - КОЛЛЕКЦИЯ | |
| Название коллекции | НБР |
Нет доступных экземпляров.